Применение метода Монте-Карло для расчета светового режима в слое диффузно рассеивающей среды конечной толщины; Современные техника и технологии; Т. 3

Détails bibliographiques
Parent link:Современные техника и технологии: сборник трудов XVIII международной научно-практической конференции студентов, аспирантов и молодых ученых, Томск, 9-13 апреля 2012 г/ Национальный исследовательский Томский политехнический университет (ТПУ).— , 2012
Т. 3.— 2012.— [С. 379-380]
Auteur principal: Овчинников В. А.
Collectivité auteur: Национальный исследовательский Томский политехнический университет (ТПУ)
Autres auteurs: Ципилев В. П. Владимир Папилович (научный руководитель)
Résumé:Заглавие с титульного листа
Langue:russe
Publié: 2012
Collection:Секция 12: Наноматериалы, нанотехнологии и новая энергетика
Sujets:
Accès en ligne:http://www.lib.tpu.ru/fulltext/v/Conferences/2012/C2/V3/v3_184.pdf
Format: Électronique Chapitre de livre
KOHA link:https://koha.lib.tpu.ru/cgi-bin/koha/opac-detail.pl?biblionumber=226841

MARC

LEADER 00000nla2a2200000 4500
001 226841
005 20231031201240.0
035 |a (RuTPU)RU\TPU\book\247232 
035 |a RU\TPU\book\247218 
090 |a 226841 
100 |a 20121128d2012 k y0rusy50 ca 
101 0 |a rus 
102 |a RU 
105 |a y z 101zy 
135 |a drcn ---uucaa 
181 0 |a i  
182 0 |a b 
200 1 |a Применение метода Монте-Карло для расчета светового режима в слое диффузно рассеивающей среды конечной толщины  |b Электронный ресурс  |f В. А. Овчинников  |g Национальный исследовательский Томский политехнический университет (ТПУ) ; В. П. Ципилев 
203 |a Текст  |c электронный 
215 |a 1 файл (728 Kb) 
225 1 |a Секция 12: Наноматериалы, нанотехнологии и новая энергетика 
230 |a Электронные текстовые данные (1 файл : 728 Kb) 
300 |a Заглавие с титульного листа 
320 |a [Библиогр.: с. 380 (3 назв.)] 
337 |a Adobe Reader 
461 1 |0 (RuTPU)RU\TPU\book\240890  |t Современные техника и технологии  |o сборник трудов XVIII международной научно-практической конференции студентов, аспирантов и молодых ученых, Томск, 9-13 апреля 2012 г  |o в 3 т.  |f Национальный исследовательский Томский политехнический университет (ТПУ)  |d 2012 
463 1 |0 (RuTPU)RU\TPU\book\245545  |t Т. 3  |v [С. 379-380]  |d 2012  |p 447 с. 
610 1 |a электронный ресурс 
610 1 |a труды учёных ТПУ 
610 1 |a применение 
610 1 |a метод Монте-Карло 
610 1 |a расчет 
610 1 |a световой режим 
610 1 |a диффузно рассеянные лучи 
610 1 |a толщина 
700 1 |a Овчинников  |b В. А. 
702 1 |a Ципилев  |b В. П.  |c российский ученый, специалист в области лазерной и световой техники  |c профессор Томского политехнического университета, доктор физико-математических наук  |f 1940-  |g Владимир Папилович  |2 stltpush  |4 727 
712 0 2 |a Национальный исследовательский Томский политехнический университет (ТПУ)  |c (2009- )  |2 stltpush  |3 (RuTPU)RU\TPU\col\15902 
801 2 |a RU  |b 63413507  |c 20141209  |g RCR 
856 4 |u http://www.lib.tpu.ru/fulltext/v/Conferences/2012/C2/V3/v3_184.pdf 
942 |c CF